Central Library OPAC University of Rajshahi

Juvenile delinquency in modern society / (Record no. 22742)

MARC details
000 -LEADER
fixed length control field 00804nam a2200265 4500
001 - CONTROL NUMBER
control field 22742
003 - CONTROL NUMBER IDENTIFIER
rucl marc code BD-RjUL
005 - DATE AND TIME OF LATEST TRANSACTION
control field 20211209000839.0
008 - FIXED-LENGTH DATA ELEMENTS--GENERAL INFORMATION
fixed length control field 140309s1961 nju b 001 0 eng
035 ## - SYSTEM CONTROL NUMBER
System control number (BD-RjUL)22807
040 ## - CATALOGING SOURCE
Original cataloging agency DLC
Transcribing agency DLC
Modifying agency DLC
-- BD-RjUL
Language of cataloging eng
041 ## - LANGUAGE CODE
Language code of text/sound track or separate title eng
082 00 - DEWEY DECIMAL CLASSIFICATION NUMBER
Classification number 364.36
Author mark and year NEJ 1964
100 1# - MAIN ENTRY--PERSONAL NAME
Personal name Neumeyer, Martin Henry,
Dates associated with a name 1892-
9 (RLIN) 53632
245 10 - TITLE STATEMENT
Title Juvenile delinquency in modern society /
Statement of responsibility, etc. Martin Henry Neumeyer.
250 ## - EDITION STATEMENT
Edition statement 3d ed.
260 ## - PUBLICATION, DISTRIBUTION, ETC. (IMPRINT)
Place of publication, distribution, etc. Princeton, N.J. :
Name of publisher, distributor, etc. Van Nostrand,
Date of publication, distribution, etc. 1961 [Reprinted 1964].
300 ## - PHYSICAL DESCRIPTION
Pagination xi, 426 p. ;
Size 24 cm.
490 #0 - SERIES STATEMENT
Series statement The Van Nostrand series in sociology
504 ## - BIBLIOGRAPHY, ETC. NOTE
Bibliography, etc Includes bibliography and index.
650 #0 - SUBJECT ADDED ENTRY--TOPICAL TERM
Topical term or geographic name as entry element Juvenile delinquency.
9 (RLIN) 70152
942 ## - ADDED ENTRY ELEMENTS (KOHA)
Source of classification or shelving scheme Dewey Decimal Classification
Koha item type Books
Holdings
Lost status Source of classification or shelving scheme Damaged status Not for loan Collection code Permanent Location Current Location Shelving location Date acquired Source of acquisition Cost, normal purchase price Total Checkouts Full call number Date last seen Copy number Koha item type
  Dewey Decimal Classification     Non-fiction Central Library, University of Rajshahi Central Library, University of Rajshahi   16/03/1966 Zeitlinger 0.00   364.36 NEJ 1964 09/03/2014 C-3 Books